000 00623nam a2200241Ia 4500
003 OSt
005 20221007063553.0
006 a|||||r|||| 00| 0
007 ta
008 221006b |||||||| |||| 00| 0 eng d
024 _a24,201
037 _cTextual
040 _aFLL
_cFLL
_beng
041 _2eng
_aeng
082 _aZ2q, G2.2
100 _aBasu N.D.
_9625774
245 0 _aAnnotated Indian criminal court hand book
250 _a3rd
260 _aCalcutta
_bEastern Law House India
_c1932
300 _a1-924p
_ccm.
942 _hZ2q, G2.2
_cTEXL
_2CC
999 _c1131575
_d1131575